[Event "British Universities-ch"]
[Site "Chess.com INT"]
[Date "2022.03.05"]
[Round "1.3"]
[White "Rogers, Daniel"]
[Black "Coker, Tommy"]
[Result "0-1"]
[WhiteElo "1419"]
[BlackElo "1728"]
[PlyCount "80"]
[EventDate "2022.03.05"]
[EventType "swiss"]
[EventRounds "9"]
[EventCountry "ENG"]
[SourceTitle "EXT 2023"]
[Source "ChessBase"]
[SourceDate "2022.10.05"]
[SourceVersion "1"]
[SourceVersionDate "2022.10.05"]
[SourceQuality "1"]
[WhiteTeam "Lincoln"]
[BlackTeam "Warwick (Castles) III"]
[WhiteTeamCountry "ENG"]
[BlackTeamCountry "ENG"]

1. e4 e6 2. d4 d5 3. e5 c5 4. Nf3 Nc6 5. Bb5 Qb6 6. Bxc6+ bxc6 7. Nc3 cxd4 8. Qxd4 Bc5 9. Qd2 Bb4 10. a3 Bxc3 11. Qxc3 Ba6 12. Nd4 c5 13. Nb3 Rc8 14. Bd2 Ne7 15. Qa5 0-0 16. Qxb6 axb6 17. 0-0-0 c4 18. Nd4 Nf5 19. Bc3 Nxd4 20. Rxd4 f6 21. f4 fxe5 22. fxe5 Rf2 23. Rd2 Rcf8 24. Rxf2 Rxf2 25. g3 Bb7 26. Bd4 Rf5 27. Re1 Kf7 28. Bxb6 Kg6 29. a4 Kg5 30. Bd4 Kg4 31. b3 cxb3 32. cxb3 Rf3 33. Re3 Rf1+ 34. Kc2 Rf2+ 35. Kc3 Rxh2 36. b4 Ra2 37. a5 Ba6 38. Kb3 Rd2 39. Bc3 Bc4+ 40. Ka3 Ra2# 0-1